[Event "34. Copenhagen Open (Politiken Cup)"]
[Site "Elsinore"]
[Date "2012.08.04"]
[Round "9"]
[White "Nilsen, Joachim Birger"]
[Black "Nielsen, Hogni Egilstoft"]
[Result "1/2-1/2"]
[WhiteElo "2215"]
[BlackElo "2057"]
[PlyCount "79"]
[EventDate "2012.07.28"]
[EventType "swiss"]
[EventRounds "10"]
[EventCountry "DEN"]
[Source "ChessBase"]
[SourceDate "2012.08.24"]

1. d4 f5 2. Nc3 d5 3. Bf4 Nf6 4. e3 e6 5. Nf3 c6 6. Ne5 Bd6 7. Nd3 O-O 8. Nb1
Ne4 9. Nd2 Bc7 10. Nf3 Nd7 11. Be2 Ndf6 12. O-O Bd7 13. Bxc7 Qxc7 14. Nfe5 Be8
15. Bf3 Nd6 16. Rc1 Nf7 17. c4 Qe7 18. Qe2 g5 19. g3 Nxe5 20. Nxe5 Nd7 21. Nd3
Bg6 22. b4 a6 23. b5 dxc4 24. Rxc4 axb5 25. Rc2 Ra3 26. Nc5 Nxc5 27. dxc5 Rd8
28. Rd1 Raa8 29. Re1 e5 30. e4 f4 31. Bh5 Qf7 32. Bxg6 Qxg6 33. Rd2 Qf6 34.
Red1 Qe7 35. Rd6 Rxd6 36. cxd6 Qe6 37. Qh5 h6 38. gxf4 gxf4 39. Qh4 Qg6+ 40.
Kf1 1/2-1/2

[Event "34. Copenhagen Open (Politiken Cup)"]
[Site "Elsinore"]
[Date "2012.08.04"]
[Round "9"]
[White "Nilsson, Patrik1"]
[Black "Nassetti, Francesco"]
[Result "0-1"]
[WhiteElo "2078"]
[BlackElo "1843"]
[PlyCount "127"]
[EventDate "2012.07.28"]
[EventType "swiss"]
[EventRounds "10"]
[EventCountry "DEN"]
[Source "ChessBase"]
[SourceDate "2012.08.24"]

1. e4 Nf6 2. e5 Nd5 3. Nf3 d6 4. exd6 exd6 5. Nc3 Qe7+ 6. Be2 Nf4 7. O-O Nxe2+
8. Nxe2 Nc6 9. d4 Bg4 10. Ng3 O-O-O 11. c3 h5 12. h4 f6 13. Qd3 d5 14. a4 Qd7
15. a5 Ne7 16. b4 Nf5 17. b5 Bxf3 18. b6 cxb6 19. axb6 a6 20. Qxf5 Qxf5 21.
Nxf5 Be4 22. Ng3 Bg6 23. Re1 Bd6 24. Nf1 Bf7 25. Ne3 Rhe8 26. Bd2 g6 27. Rec1
Kd7 28. Ra5 Kc6 29. c4 dxc4 30. d5+ Kxb6 31. Nxc4+ Ka7 32. Be3+ Kb8 33. Nxd6
Rxd6 34. Bf4 Re5 35. Bxe5 fxe5 36. Re1 b5 37. Rxe5 Bxd5 38. Rxd5 Rxd5 39. Rxa6
Kb7 40. Rxg6 b4 41. Rg3 Kb6 42. Rb3 Kc5 43. Kh2 Kc4 44. Rb1 b3 45. f3 Kc3 46.
Kh3 Kc2 47. Rxb3 Kxb3 48. g4 Kc4 49. gxh5 Kd4 50. Kg4 Ke5 51. Kg5 Ke6+ 52. Kg6
Ke7 53. h6 Kf8 54. f4 Rd6+ 55. Kg5 Kf7 56. f5 Rd4 57. h5 Rd5 58. h7 Kg7 59.
h8=Q+ Kxh8 60. Kg6 Rd1 61. Kf7 Rh1 62. f6 Rxh5 63. Kf8 Ra5 64. f7 0-1

[Event "34. Copenhagen Open (Politiken Cup)"]
[Site "Elsinore"]
[Date "2012.08.04"]
[Round "9"]
[White "Pedersen, Christopher RNH"]
[Black "Svanholm, Borge Waaktaar"]
[Result "1-0"]
[WhiteElo "2041"]
[BlackElo "1905"]
[PlyCount "39"]
[EventDate "2012.07.28"]
[EventType "swiss"]
[EventRounds "10"]
[EventCountry "DEN"]
[Source "ChessBase"]
[SourceDate "2012.08.24"]

1. e4 c5 2. Nf3 d6 3. d4 cxd4 4. Nxd4 Nf6 5. Nc3 a6 6. Bg5 e6 7. f4 Be7 8. Qf3
Qc7 9. O-O-O Nbd7 10. Bd3 b5 11. Rhe1 O-O 12. e5 Bb7 13. Qh3 dxe5 14. fxe5 h6
15. exf6 Bxf6 16. Bxh6 Rfc8 17. Be3 Nc5 18. Qh7+ Kf8 19. Qh8+ Ke7 20. Nf5+ 1-0

[Event "34. Copenhagen Open (Politiken Cup)"]
[Site "Elsinore"]
[Date "2012.08.04"]
[Round "9"]
[White "Pedersen, Jan Kaas"]
[Black "Jacobsen, Fredrik Beer"]
[Result "1-0"]
[WhiteElo "2044"]
[BlackElo "1913"]
[PlyCount "59"]
[EventDate "2012.07.28"]
[EventType "swiss"]
[EventRounds "10"]
[EventCountry "DEN"]
[Source "ChessBase"]
[SourceDate "2012.08.24"]

1. d4 Nf6 2. Nf3 g6 3. Bg5 Bg7 4. Nbd2 d6 5. e4 O-O 6. Bd3 c5 7. c3 cxd4 8.
Nxd4 Nc6 9. Nxc6 bxc6 10. O-O Rb8 11. b3 Nd7 12. Rc1 Nc5 13. Be2 f5 14. f3 Ne6
15. Bh4 f4 16. Qc2 Qc7 17. Rfd1 g5 18. Bf2 Nd8 19. h4 h6 20. hxg5 hxg5 21. g4
fxg3 22. Bxg3 Nf7 23. Kg2 Be5 24. Rh1 Bxg3 25. e5 Rd8 26. Qg6+ Kf8 27. Rh7 Be6
28. Qxe6 Nxe5 29. Ne4 Bh4 30. Qf5+ 1-0

[Event "34. Copenhagen Open (Politiken Cup)"]
[Site "Elsinore"]
[Date "2012.08.04"]
[Round "9"]
[White "Petersen, Peter Birk"]
[Black "Nielsen, Borge Hjerrild"]
[Result "1/2-1/2"]
[WhiteElo "2155"]
[BlackElo "2035"]
[PlyCount "49"]
[EventDate "2012.07.28"]
[EventType "swiss"]
[EventRounds "10"]
[EventCountry "DEN"]
[Source "ChessBase"]
[SourceDate "2012.08.24"]

1. e4 c6 2. d4 d5 3. exd5 cxd5 4. c4 Nf6 5. Nc3 e6 6. Nf3 Be7 7. cxd5 Nxd5 8.
Bd3 Nc6 9. O-O O-O 10. Re1 Nf6 11. a3 b6 12. Be3 Bb7 13. Qe2 Rc8 14. Rad1 Qc7
15. Bg5 Rfd8 16. d5 Nxd5 17. Qe4 Nf6 18. Bxf6 Bxf6 19. Qxh7+ Kf8 20. Ne4 Ne5
21. Nxe5 Bxe5 22. Qh8+ Ke7 23. Qh4+ Kf8 24. Qh8+ Ke7 25. Qh4+ 1/2-1/2

[Event "34. Copenhagen Open (Politiken Cup)"]
[Site "Elsinore"]
[Date "2012.08.04"]
[Round "9"]
[White "Petersen, Steen"]
[Black "Rasmussen, Lars"]
[Result "1-0"]
[WhiteElo "2129"]
[BlackElo "1957"]
[PlyCount "51"]
[EventDate "2012.07.28"]
[EventType "swiss"]
[EventRounds "10"]
[EventCountry "DEN"]
[Source "ChessBase"]
[SourceDate "2012.08.24"]

1. e4 c6 2. d4 d5 3. Nc3 dxe4 4. Nxe4 Bf5 5. Ng3 Bg6 6. h4 h6 7. Nf3 Nd7 8. h5
Bh7 9. Bd3 Bxd3 10. Qxd3 Qc7 11. Bd2 e6 12. c4 c5 13. O-O-O Ngf6 14. d5 exd5
15. Rhe1+ Kd8 16. cxd5 Bd6 17. Nf5 Ng4 18. Qe2 Ndf6 19. Nxd6 Qxd6 20. Kb1 Re8
21. Qb5 Kc7 22. Rxe8 Rxe8 23. Qa4 a6 24. Bf4 Ne5 25. Qxe8 Nxe8 26. Bxe5 1-0

[Event "34. Copenhagen Open (Politiken Cup)"]
[Site "Elsinore"]
[Date "2012.08.04"]
[Round "9"]
[White "Petersen, Tom Petri"]
[Black "Lilja, Richard"]
[Result "1-0"]
[WhiteElo "2360"]
[BlackElo "2136"]
[PlyCount "83"]
[EventDate "2012.07.28"]
[EventType "swiss"]
[EventRounds "10"]
[EventCountry "DEN"]
[Source "ChessBase"]
[SourceDate "2012.08.24"]

1. c4 g6 2. g3 Bg7 3. Bg2 c5 4. Nc3 Nc6 5. Nf3 d6 6. O-O Nh6 7. d3 O-O 8. Bd2
f5 9. a3 a5 10. Rb1 Bd7 11. Nd5 Nf7 12. Bc3 Nfe5 13. Nxe5 dxe5 14. Bd2 e6 15.
Nc3 g5 16. Na4 Qe7 17. Nb6 Ra6 18. Nxd7 Qxd7 19. Bxg5 Nd4 20. b4 axb4 21. axb4
Ra2 22. bxc5 Nxe2+ 23. Kh1 f4 24. Rxb7 Qe8 25. Bf3 fxg3 26. fxg3 Nd4 27. Be4
Nf5 28. g4 Qg6 29. gxf5 Qxg5 30. Rxg7+ Qxg7 31. Rg1 exf5 32. Bd5+ Kh8 33. Rxg7
Kxg7 34. Qh5 Rf6 35. Qe8 e4 36. h4 exd3 37. Qe7+ Kg6 38. Bf7+ Kg7 39. Bh5+ Kg8
40. Qxf6 d2 41. Qf7+ Kh8 42. Qf8# 1-0

[Event "34. Copenhagen Open (Politiken Cup)"]
[Site "Elsinore"]
[Date "2012.08.04"]
[Round "9"]
[White "Philipsen, William Horup"]
[Black "Percivaldi, Martin"]
[Result "1-0"]
[WhiteElo "1905"]
[BlackElo "2015"]
[PlyCount "69"]
[EventDate "2012.07.28"]
[EventType "swiss"]
[EventRounds "10"]
[EventCountry "DEN"]
[Source "ChessBase"]
[SourceDate "2012.08.24"]

1. e4 c5 2. d4 cxd4 3. c3 dxc3 4. Nxc3 Nc6 5. Nf3 d6 6. Bc4 a6 7. O-O Nf6 8.
Qe2 Bg4 9. Rd1 e6 10. Bf4 Nh5 11. Be3 Ne5 12. Bb5+ axb5 13. Qxb5+ Nd7 14. e5
Bxf3 15. gxf3 d5 16. Nxd5 exd5 17. Rxd5 Ra5 18. Qxa5 Qxa5 19. Rxa5 g6 20. Rd1
Bg7 21. Bg5 f6 22. e6 Nf8 23. e7 Kxe7 24. Bd2 f5 25. Ra7 Nf6 26. Rxb7+ N8d7 27.
Bb4+ Kd8 28. Bc3 Kc8 29. Bxf6 Bxf6 30. Rdxd7 h6 31. Rdc7+ Kd8 32. Rf7 Be5 33.
a4 Kc8 34. a5 Rd8 35. a6 1-0

[Event "34. Copenhagen Open (Politiken Cup)"]
[Site "Elsinore"]
[Date "2012.08.04"]
[Round "9"]
[White "Popovic, Dusan"]
[Black "Bekker Jensen, Simon"]
[Result "1-0"]
[WhiteElo "2579"]
[BlackElo "2394"]
[PlyCount "61"]
[EventDate "2012.07.28"]
[EventType "swiss"]
[EventRounds "10"]
[EventCountry "DEN"]
[Source "ChessBase"]
[SourceDate "2012.08.24"]

1. e4 c5 2. Ne2 d6 3. g3 e5 4. Bg2 g6 5. c3 Bg7 6. d4 Nf6 7. O-O O-O 8. h3 cxd4
9. cxd4 exd4 10. Nxd4 d5 11. exd5 Nxd5 12. Nc3 Nxc3 13. bxc3 Qa5 14. Qb3 Nc6
15. Be3 Ne5 16. Rfd1 Bd7 17. Qxb7 Rab8 18. Nb3 Rxb7 19. Nxa5 Rb5 20. Nb3 a5 21.
Rxd7 Nxd7 22. Bc6 Rxb3 23. axb3 Bxc3 24. Rc1 Bb2 25. Rd1 Ne5 26. Bb5 Rb8 27.
Ba4 Kg7 28. f4 Nc6 29. Bxc6 Rxb3 30. Kf2 Bf6 31. Rd7 1-0

[Event "34. Copenhagen Open (Politiken Cup)"]
[Site "Elsinore"]
[Date "2012.08.04"]
[Round "9"]
[White "Poulsen, Iver"]
[Black "Larsen, Peter"]
[Result "0-1"]
[WhiteElo "2081"]
[BlackElo "2206"]
[PlyCount "160"]
[EventDate "2012.07.28"]
[EventType "swiss"]
[EventRounds "10"]
[EventCountry "DEN"]
[Source "ChessBase"]
[SourceDate "2012.08.24"]

1. e4 e6 2. d4 d5 3. Nc3 dxe4 4. Nxe4 Nf6 5. Bg5 Be7 6. Bxf6 Bxf6 7. Nf3 Bd7 8.
Bd3 Bc6 9. c3 Nd7 10. Qe2 Bxe4 11. Qxe4 c6 12. O-O g6 13. b4 O-O 14. Rab1 Rc8
15. Rfd1 Bg7 16. c4 Re8 17. Qg4 Nf6 18. Qh4 Nh5 19. Qe4 Qf6 20. g3 Qf5 21. Qe3
Bh6 22. Bxf5 Bxe3 23. Bh3 Bh6 24. d5 cxd5 25. cxd5 Rc3 26. Bg2 exd5 27. Rxd5
Re2 28. Rd8+ Kg7 29. g4 Rcc2 30. gxh5 Rxf2 31. Ne1 Rxa2 32. hxg6 Be3 33. Kh1
hxg6 34. Rd7 Kh6 35. Rd3 Bb6 36. Rh3+ Kg7 37. Rf3 Rfe2 38. Rh3 Rf2 39. Rf3 Rfd2
40. Rh3 f5 41. Bxb7 Kf6 42. Ng2 g5 43. Rf1 Kg6 44. Rh8 Rf2 45. Rg1 Kg7 46. Rh3
Rfb2 47. Rf1 Rxb4 48. Bd5 Rd2 49. Bc6 Rbb2 50. Rh5 Kg6 51. Rh8 Rbc2 52. Bb7 Kg7
53. Rh5 Kg6 54. Rh8 Bd4 55. Rh3 Rb2 56. Bc6 a5 57. Be8+ Kg7 58. Bc6 Bb6 59. Rg3
Kf6 60. Rgf3 f4 61. Rh3 Rf2 62. Rf3 Rxg2 63. Rxf4+ gxf4 64. Bxg2 Ke5 65. h4 Bf2
66. h5 Kf5 67. Bf3 Kg5 68. Ra1 Bb6 69. Re1 Bd4 70. Rd1 Rb4 71. Rd2 a4 72. Rg2+
Kf5 73. h6 a3 74. h7 Rb1+ 75. Kh2 Rb2 76. Bd5 f3 77. Rxb2 axb2 78. Ba2 Kf4 79.
Bb1 Ke3 80. Kg3 Be5+ 0-1

[Event "34. Copenhagen Open (Politiken Cup)"]
[Site "Elsinore"]
[Date "2012.08.04"]
[Round "9"]
[White "Randlov, Carsten"]
[Black "Johansen, Kai Roger"]
[Result "1/2-1/2"]
[WhiteElo "1860"]
[BlackElo "2016"]
[PlyCount "96"]
[EventDate "2012.07.28"]
[EventType "swiss"]
[EventRounds "10"]
[EventCountry "DEN"]
[Source "ChessBase"]
[SourceDate "2012.08.24"]

1. c4 Nf6 2. Nc3 g6 3. e4 d6 4. g3 Bg7 5. Bg2 O-O 6. Nge2 e5 7. d3 c6 8. O-O
Bg4 9. h3 Be6 10. f4 exf4 11. Nxf4 Nbd7 12. Be3 Qe7 13. b3 Nh5 14. Nxh5 Bxc3
15. Rc1 Bh8 16. Nf4 a5 17. d4 Nf6 18. Nxe6 fxe6 19. Bh6 Bg7 20. Qd2 e5 21. d5
Bxh6 22. Qxh6 c5 23. g4 Rf7 24. Bf3 Raf8 25. Kg2 Kh8 26. Qd2 Kg7 27. Qxa5 Nh5
28. gxh5 Rxf3 29. Rxf3 Qg5+ 30. Kf2 Rxf3+ 31. Kxf3 Qf4+ 32. Ke2 Qxc1 33. Qd2
Qh1 34. h6+ Kf6 35. Qe3 Qg2+ 36. Qf2+ Qxf2+ 37. Kxf2 Kg5 38. Kg3 Kxh6 39. a3
Kg5 40. b4 Kf6 41. bxc5 dxc5 42. Kg4 h6 43. Kh4 Ke7 44. Kg4 Kd6 45. h4 Ke7 46.
h5 g5 47. a4 b6 48. Kg3 Kd7 1/2-1/2

[Event "34. Copenhagen Open (Politiken Cup)"]
[Site "Elsinore"]
[Date "2012.08.04"]
[Round "9"]
[White "Rasmussen, Jonas H"]
[Black "Mouritsen, Jan"]
[Result "1-0"]
[WhiteElo "1673"]
[BlackElo "1822"]
[PlyCount "127"]
[EventDate "2012.07.28"]
[EventType "swiss"]
[EventRounds "10"]
[EventCountry "DEN"]
[Source "ChessBase"]
[SourceDate "2012.08.24"]

1. e4 c5 2. Nf3 e6 3. d4 cxd4 4. Nxd4 Nf6 5. Nc3 d6 6. Bc4 a6 7. a3 Be7 8. O-O
O-O 9. h3 Qc7 10. Bb3 Nc6 11. Nxc6 bxc6 12. Re1 e5 13. Be3 Be6 14. Bxe6 fxe6
15. Bg5 d5 16. Bxf6 Rxf6 17. exd5 Rd8 18. Qe2 exd5 19. Qxe5 Bd6 20. Qe2 Rdf8
21. Rf1 Qf7 22. Rab1 Rg6 23. Rbe1 Qf4 24. g3 Qh4 25. Qe6+ Rxe6 26. gxh4 Rg6+
27. Kh1 Rf4 28. Ne2 Rxh4 29. Ng1 Rf4 30. Re2 Rgf6 31. f3 Bc5 32. Rfe1 Bxg1 33.
Kxg1 Rxf3 34. Kg2 R3f5 35. Re8+ Rf8 36. R8e2 h6 37. Kg1 Rg5+ 38. Kh2 Kh7 39.
Rg2 Rxg2+ 40. Kxg2 Kg6 41. Re6+ Rf6 42. Re7 Kh7 43. Ra7 c5 44. Rc7 c4 45. c3
Rb6 46. Kf3 Rxb2 47. Ke3 Ra2 48. Kd4 Rxa3 49. Rc5 Ra1 50. Kxd5 a5 51. Kxc4 a4
52. Ra5 a3 53. Kb3 Kg6 54. c4 Kf6 55. Rxa3 Rxa3+ 56. Kxa3 g5 57. c5 h5 58. Kb4
g4 59. hxg4 hxg4 60. Kb5 Ke7 61. Kb6 Kd8 62. Kb7 g3 63. c6 g2 64. c7+ 1-0

[Event "34. Copenhagen Open (Politiken Cup)"]
[Site "Elsinore"]
[Date "2012.08.04"]
[Round "9"]
[White "Rewitz, Poul"]
[Black "Hansen, Morten Moller"]
[Result "1-0"]
[WhiteElo "2239"]
[BlackElo "2095"]
[PlyCount "87"]
[EventDate "2012.07.28"]
[EventType "swiss"]
[EventRounds "10"]
[EventCountry "DEN"]
[Source "ChessBase"]
[SourceDate "2012.08.24"]

1. b3 e5 2. Bb2 d6 3. e3 Nf6 4. Nf3 Bg4 5. Be2 c6 6. h3 Bh5 7. c4 Nbd7 8. d3
Be7 9. Nbd2 O-O 10. g4 Bg6 11. Nh4 Nc5 12. Nxg6 fxg6 13. Qc2 Nfd7 14. O-O Ne6
15. Bf3 Rf7 16. Bg2 Qf8 17. Ba3 Rd8 18. Ne4 Nb6 19. Rac1 Nc8 20. b4 a6 21. Qb3
Kh8 22. Bb2 Ng5 23. Nxg5 Bxg5 24. c5 Bh4 25. Rc2 Ne7 26. cxd6 Rxd6 27. Bxe5 Rd5
28. d4 h5 29. f4 Rd8 30. e4 Kh7 31. d5 cxd5 32. exd5 Nc8 33. a3 Nd6 34. Qf3 Kh6
35. Rfc1 Qe8 36. Rc7 Nb5 37. Rxf7 Qxf7 38. Qe4 hxg4 39. hxg4 Nd6 40. Qe3 Qe7
41. g5+ Kh7 42. Qh3 Nf5 43. Be4 Qf7 44. Bxf5 1-0

[Event "34. Copenhagen Open (Politiken Cup)"]
[Site "Elsinore"]
[Date "2012.08.04"]
[Round "9"]
[White "Rorvik, Jon Fredrik"]
[Black "Thaler, Toni"]
[Result "1/2-1/2"]
[WhiteElo "2149"]
[BlackElo "2075"]
[PlyCount "42"]
[EventDate "2012.07.28"]
[EventType "swiss"]
[EventRounds "10"]
[EventCountry "DEN"]
[Source "ChessBase"]
[SourceDate "2012.08.24"]

1. c4 f5 2. Nc3 Nf6 3. g3 g6 4. Bg2 Bg7 5. d4 O-O 6. e3 d6 7. Nge2 c6 8. d5 e5
9. O-O c5 10. b3 g5 11. Qd2 e4 12. f3 exf3 13. Bxf3 Qe7 14. Qc2 Na6 15. a3 Bd7
16. Bd2 Rae8 17. Rae1 Nc7 18. Nc1 Ne4 19. Nxe4 fxe4 20. Bg2 Bf5 21. Ne2 h6
1/2-1/2

[Event "34. Copenhagen Open (Politiken Cup)"]
[Site "Elsinore"]
[Date "2012.08.04"]
[Round "9"]
[White "Rosell, Sven"]
[Black "Skou, Niels"]
[Result "1-0"]
[WhiteElo "1937"]
[BlackElo "2150"]
[PlyCount "99"]
[EventDate "2012.07.28"]
[EventType "swiss"]
[EventRounds "10"]
[EventCountry "DEN"]
[Source "ChessBase"]
[SourceDate "2012.08.24"]

1. c4 Nf6 2. Nc3 d5 3. cxd5 Nxd5 4. Nf3 g6 5. g3 Bg7 6. Bg2 O-O 7. O-O Nb6 8.
d3 Nc6 9. Be3 e5 10. Qc1 Re8 11. Bh6 Bh8 12. a4 a5 13. Nb5 Bf5 14. Rd1 Rc8 15.
h4 Qe7 16. Ng5 Bg4 17. f3 Be6 18. Nxe6 Qxe6 19. Kh2 Nd4 20. Nxd4 exd4 21. Re1
Qb3 22. Ra3 Qe6 23. Bh3 f5 24. Bd2 Qd5 25. Bg2 f4 26. Bxf4 Re7 27. Bg5 Rf7 28.
Qc2 Re8 29. Qb3 Bg7 30. Bd2 Qh5 31. Bh3 Kf8 32. Bg4 Qe5 33. Qb5 Rfe7 34. Qxe5
Rxe5 35. f4 Rc5 36. b4 Rc2 37. Rd1 axb4 38. Bxb4+ c5 39. Ba5 Nd5 40. Bf3 Ne3
41. Rb1 Ra8 42. Bb6 Bf6 43. Kh3 Be7 44. Raa1 Kf7 45. a5 h6 46. Rc1 Rxc1 47.
Rxc1 g5 48. Bxb7 Rb8 49. a6 gxf4 50. Bc7 1-0

[Event "34. Copenhagen Open (Politiken Cup)"]
[Site "Elsinore"]
[Date "2012.08.04"]
[Round "9"]
[White "Rostgaard, Tobias Valentin"]
[Black "Skjoldager, Per"]
[Result "1/2-1/2"]
[WhiteElo "2246"]
[BlackElo "2062"]
[PlyCount "144"]
[EventDate "2012.07.28"]
[EventType "swiss"]
[EventRounds "10"]
[EventCountry "DEN"]
[Source "ChessBase"]
[SourceDate "2012.08.24"]

1. e4 c6 2. Nf3 d5 3. Nc3 dxe4 4. Nxe4 Nd7 5. Bc4 e6 6. O-O Be7 7. d3 Ngf6 8.
Nxf6+ Nxf6 9. Ne5 O-O 10. Re1 Nd5 11. c3 Qc7 12. a4 b6 13. d4 Bb7 14. Qh5 Nf6
15. Qh3 c5 16. Nxf7 Rxf7 17. Qxe6 Bf8 18. Qxf7+ Qxf7 19. Bxf7+ Kxf7 20. dxc5
Bxc5 21. Be3 Rc8 22. a5 b5 23. Rad1 Bd5 24. Bxc5 Rxc5 25. Re5 b4 26. cxb4 Rb5
27. h3 Bc6 28. Rxb5 Bxb5 29. Rc1 a6 30. Rc5 Ke6 31. Rc7 Ne8 32. Rc8 Nd6 33. Rc5
Nc4 34. b3 Ne5 35. f4 Nc6 36. Kf2 Nxb4 37. Rc7 Kf6 38. g4 h6 39. h4 Nc6 40. Kg3
Nxa5 41. g5+ hxg5 42. fxg5+ Kg6 43. Re7 Nc6 44. Re4 Kf5 45. Rf4+ Ke5 46. h5 Nd4
47. Rf7 Nf5+ 48. Kf2 Bd3 49. g6 Bc2 50. b4 Bb3 51. Rxg7 Bd1 52. Rh7 Kf6 53.
Rf7+ Ke6 54. Rh7 Kf6 55. Rf7+ Ke6 56. Ra7 Bxh5 57. Rxa6+ Kd5 58. b5 Nd6 59. g7
Bf7 60. Ra7 Be6 61. Re7 Bg8 62. Rd7 Kc5 63. b6 Kc6 64. Rd8 Bb3 65. Kf3 Nb7 66.
Rf8 Kxb6 67. Kf4 Kc6 68. Ke5 Kd7 69. Kf6 Nd8 70. Kg6 Nc6 71. Rf7+ Bxf7+ 72.
Kxf7 Ne7 1/2-1/2

[Event "34. Copenhagen Open (Politiken Cup)"]
[Site "Elsinore"]
[Date "2012.08.04"]
[Round "9"]
[White "Schou Moldt, Thomas"]
[Black "Brynell, Stellan"]
[Result "0-1"]
[WhiteElo "2222"]
[BlackElo "2498"]
[PlyCount "68"]
[EventDate "2012.07.28"]
[EventType "swiss"]
[EventRounds "10"]
[EventCountry "DEN"]
[Source "ChessBase"]
[SourceDate "2012.08.24"]

1. e4 e6 2. d3 d5 3. Nd2 Nf6 4. Ngf3 c5 5. g3 g6 6. Bg2 Bg7 7. O-O O-O 8. Re1
Nc6 9. c3 a5 10. a4 b6 11. h4 Ba6 12. Nf1 dxe4 13. dxe4 Ra7 14. Bg5 h6 15. Bxf6
Bxf6 16. e5 Rd7 17. Qc1 Bg7 18. Qf4 Qc7 19. Bh3 Rd5 20. N1h2 Nxe5 21. Rxe5 Bxe5
22. Nxe5 Qxe5 23. Qxh6 Rfd8 24. Ng4 Qg7 25. Qf4 f5 26. Ne3 Rd2 27. Nc4 Bxc4 28.
Qxc4 Qe5 29. Rf1 Rxb2 30. h5 g5 31. Qa6 Qe2 32. Qb7 Rd1 33. h6 Qxf2+ 34. Kh1
Qh2# 0-1

[Event "34. Copenhagen Open (Politiken Cup)"]
[Site "Elsinore"]
[Date "2012.08.04"]
[Round "9"]
[White "Sem Johansen, Asmund"]
[Black "Hinrichs, Jan"]
[Result "0-1"]
[WhiteElo "1751"]
[BlackElo "2008"]
[PlyCount "78"]
[EventDate "2012.07.28"]
[EventType "swiss"]
[EventRounds "10"]
[EventCountry "DEN"]
[Source "ChessBase"]
[SourceDate "2012.08.24"]

1. d4 Nf6 2. Nf3 e6 3. g3 b6 4. Bg2 Bb7 5. O-O c5 6. c3 Be7 7. Re1 d5 8. Nbd2
O-O 9. Ne5 Nbd7 10. f4 Ne4 11. Nxe4 dxe4 12. Nxd7 Qxd7 13. e3 Rad8 14. b3 f6
15. Bb2 c4 16. Qc2 Qc6 17. b4 e5 18. Kh1 exd4 19. exd4 f5 20. a4 a6 21. a5 b5
22. Re3 Qh6 23. Re2 Rd6 24. Bc1 Qh5 25. Be3 Rh6 26. h3 Qg4 27. Kh2 Rff6 28.
Ree1 Rfg6 29. Qf2 Rh5 30. Rad1 Bd5 31. Rd2 Qxg3+ 32. Qxg3 Rxg3 33. Ree2 Bh4 34.
Rd1 h6 35. Rg1 Kf7 36. Bf1 Rxe3 37. Rxe3 Bf2 38. Reg3 Bxg1+ 39. Kxg1 Rh4 0-1

[Event "34. Copenhagen Open (Politiken Cup)"]
[Site "Elsinore"]
[Date "2012.08.04"]
[Round "9"]
[White "Sjol, Henrik"]
[Black "Joensen, Tor Kristian"]
[Result "0-1"]
[WhiteElo "1878"]
[BlackElo "1683"]
[PlyCount "98"]
[EventDate "2012.07.28"]
[EventType "swiss"]
[EventRounds "10"]
[EventCountry "DEN"]
[Source "ChessBase"]
[SourceDate "2012.08.24"]

1. d4 Nf6 2. Nf3 e6 3. e3 d5 4. Bd3 c5 5. b3 Nc6 6. Bb2 Be7 7. Nbd2 O-O 8. O-O
b6 9. a3 Bb7 10. Qe2 a6 11. Ne5 Nxe5 12. dxe5 Nd7 13. f4 Qc7 14. Nf3 b5 15. c4
dxc4 16. bxc4 b4 17. e4 Rad8 18. f5 f6 19. exf6 Nxf6 20. e5 Ne8 21. f6 gxf6 22.
exf6 Bxf6 23. Bxf6 Nxf6 24. Ng5 Rde8 25. Rae1 e5 26. Bf5 Bc8 27. Qd3 Bxf5 28.
Rxf5 h6 29. Ne4 Nxe4 30. Qxe4 Rxf5 31. Qxf5 Qf7 32. Rxe5 Qxf5 33. Rxf5 b3 34.
Rf1 a5 35. a4 Re2 36. h3 Rc2 37. Rb1 b2 38. Kh2 Rxc4 39. Rxb2 Rxa4 40. g4 Rb4
41. Re2 a4 42. Kg2 a3 43. Kf3 Kf7 44. Ke3 Rb3+ 45. Ke4 Ke6 46. Rc2 Rb4+ 47. Kd3
Kd5 48. Ra2 Rb3+ 49. Kc2 Rxh3 0-1

[Event "34. Copenhagen Open (Politiken Cup)"]
[Site "Elsinore"]
[Date "2012.08.04"]
[Round "9"]
[White "Solli, Oddvar"]
[Black "Ananthan, Arunn"]
[Result "1-0"]
[WhiteElo "1894"]
[BlackElo "1696"]
[PlyCount "63"]
[EventDate "2012.07.28"]
[EventType "swiss"]
[EventRounds "10"]
[EventCountry "DEN"]
[Source "ChessBase"]
[SourceDate "2012.08.24"]

1. d4 d5 2. c4 e6 3. Nc3 Nf6 4. Bg5 Be7 5. e3 O-O 6. Nf3 h6 7. Bh4 Nbd7 8. Rc1
b6 9. cxd5 exd5 10. Be2 Bb7 11. O-O Re8 12. Qc2 Rc8 13. Rfd1 Nf8 14. Qa4 a5 15.
Ne5 c6 16. Qb3 N6d7 17. Bxe7 Qxe7 18. Na4 b5 19. Nxd7 Nxd7 20. Nc5 Nxc5 21.
Rxc5 f5 22. Bh5 Rf8 23. Re1 f4 24. e4 Kh8 25. e5 Qg5 26. Bd1 a4 27. Qd3 Rf7 28.
Bc2 Kg8 29. e6 Rfc7 30. Re5 Qf6 31. Qh7+ Kf8 32. Rf5 1-0

[Event "34. Copenhagen Open (Politiken Cup)"]
[Site "Elsinore"]
[Date "2012.08.04"]
[Round "9"]
[White "Spiess, Thomas"]
[Black "Hoel, Jorgen"]
[Result "1/2-1/2"]
[WhiteElo "2007"]
[BlackElo "1848"]
[PlyCount "86"]
[EventDate "2012.07.28"]
[EventType "swiss"]
[EventRounds "10"]
[EventCountry "DEN"]
[Source "ChessBase"]
[SourceDate "2012.08.24"]

1. d4 d5 2. Nf3 Nf6 3. e3 e6 4. Bd3 Nbd7 5. Nbd2 Be7 6. O-O O-O 7. e4 dxe4 8.
Nxe4 c5 9. c3 b6 10. Qe2 Bb7 11. Rd1 Nxe4 12. Bxe4 Bxe4 13. Qxe4 Nf6 14. Qe2
Qc7 15. Be3 Rfd8 16. dxc5 Bxc5 17. Bg5 Be7 18. c4 Rxd1+ 19. Rxd1 Rd8 20. b3
Rxd1+ 21. Qxd1 Ne4 22. Bxe7 Qxe7 23. Qd4 Nc5 24. b4 Nb7 25. a3 Qd6 26. Kf1 Kf8
27. Ke2 f6 28. Qxd6+ Nxd6 29. Kd3 Ke7 30. c5 bxc5 31. bxc5 Nb7 32. Kc4 Kd7 33.
Nd4 Nd8 34. Kb5 Kc7 35. g4 Kb7 36. c6+ Kc7 37. Kc5 a6 38. h4 e5 39. Nf5 Ne6+
40. Kd5 Nf4+ 41. Kc5 Ne6+ 42. Kd5 Nf4+ 43. Kc5 Nd3+ 1/2-1/2

[Event "34. Copenhagen Open (Politiken Cup)"]
[Site "Elsinore"]
[Date "2012.08.04"]
[Round "9"]
[White "Stojanovski, Sandi"]
[Black "Hansen, Mads"]
[Result "1-0"]
[WhiteElo "2191"]
[BlackElo "2341"]
[PlyCount "67"]
[EventDate "2012.07.28"]
[EventType "swiss"]
[EventRounds "10"]
[EventCountry "DEN"]
[Source "ChessBase"]
[SourceDate "2012.08.24"]

1. d4 d5 2. c4 c6 3. Nf3 Nf6 4. cxd5 cxd5 5. Nc3 Nc6 6. Bf4 a6 7. e3 Nh5 8. Be5
f6 9. Bg3 g6 10. Bd3 Be6 11. O-O Nxg3 12. hxg3 Bg7 13. e4 O-O 14. Rc1 Nb4 15.
exd5 Nxd5 16. Bc4 Bf7 17. Nxd5 Bxd5 18. Re1 Bxc4 19. Rxc4 b5 20. Rc5 Rf7 21.
Qb3 Bf8 22. Re6 Qd7 23. Rcc6 Rc8 24. d5 Rd8 25. Rc5 Qa7 26. Qc3 Rd6 27. Nd4 Qa8
28. Nc6 f5 29. Qe3 Qb7 30. b4 Qd7 31. Ne5 Rxe6 32. Nxd7 Rxe3 33. fxe3 Kg7 34.
Rc8 1-0

[Event "34. Copenhagen Open (Politiken Cup)"]
[Site "Elsinore"]
[Date "2012.08.04"]
[Round "9"]
[White "Stray, Gunnar"]
[Black "Bjerke, Richard"]
[Result "1/2-1/2"]
[WhiteElo "2035"]
[BlackElo "2162"]
[PlyCount "54"]
[EventDate "2012.07.28"]
[EventType "swiss"]
[EventRounds "10"]
[EventCountry "DEN"]
[Source "ChessBase"]
[SourceDate "2012.08.24"]

1. Nf3 Nf6 2. g3 d5 3. Bg2 c6 4. O-O Bf5 5. d3 h6 6. Nbd2 e6 7. b3 Nbd7 8. Bb2
Bc5 9. d4 Be7 10. Ne5 O-O 11. a4 a5 12. h3 Qb6 13. c4 Nxe5 14. dxe5 Ne4 15.
Nxe4 dxe4 16. Bd4 Qc7 17. Qc1 Rfd8 18. Rd1 Bg5 19. Qb2 c5 20. Bc3 Rxd1+ 21.
Rxd1 Rd8 22. Qa1 Qb6 23. Rxd8+ Qxd8 24. e3 Qd3 25. Qc1 b6 26. Bf1 Qd8 27. Qd2
Qxd2 1/2-1/2